| 000 | 00718nam a22001817a 4500 | ||
|---|---|---|---|
| 999 |
_c34 _d34 |
||
| 003 | AR-CdUCM | ||
| 008 | 190220b ||||| |||| 00| 0 spa d | ||
| 040 |
_aMUNICIPALIDAD PROVINCIAL DEL CUSCO _cBIBLIOTECA MUNICIPAL DEL CUSCO |
||
| 082 |
_a933 / _bP191 |
||
| 100 |
_aPanesso, Antonio _9177 |
||
| 245 | _aLa espada en el arado | ||
| 260 |
_aColombia : _bTercer Mundo , _c1975 . |
||
| 300 |
_a258 páginas _balgunas ilustraciones _c20cm |
||
| 505 | _aLa guerra diplomática -- El Medio Oriente -- El primer alcalde judío de Jerusalen -- Gases tóxicos en la guerra árabe -- Una solución comercial para árabes y judíos | ||
| 650 |
_aGuerras en el medio oriente _9178 |
||
| 942 |
_2ddc _cLIBROS |
||
| 945 |
_anom _d2019-02-20 |
||